LEADER 00837nam a2200217 i 4500 001 000000201021 003 CaOOAMICUS 005 20110418000000.0 008 110418s1900 it u000 u ita u 013 $a179722 040 $aSeMil$bita 100 1 $aThaon di Revel, Genova Giovanni,$d<1817-1910>.$0(OLS)http://semarc/name/25067 245 10$aSul giuramento del sovrano d'Inghilterra /$cGenova Di Revel. 260 $a[S.l. :$bs.n.],$c1900. 300 $aP. 677-680 ;$c23 cm. 500 $aEstratto da «La rassegna nazionale». 773 0 $t[Miscellanea.$w()24790 850 $aSeMil 852 $aSeMil$W1$xVenegono$y1$m5B II 3/5 FA$j248236$B151550$CSeMilBibl$Z2$F162761 $8I 996 $6245$aSul giuramento del sovrano d'Inghilterra$9(OLS)http://semarc/title/290834 996 $6260$a[S.l. :$bs.n.]$9(OLS)http://semarc/publisher/29751 LEADER 01496nam a2200277 i 4500 001 000000110445 003 CaOOAMICUS 005 20021202000000.0 008 021202n it u000 u ita u 013 $a83126 040 $aSeMil$bita 100 1 $aSegalla, Giuseppe,$d<1932-2011>.$0(OLS)http://semarc/name/6026 240 00$a[Cristologia del Nuovo Testamento].$0(OLS)http://semarc/title/160559 245 10$a[Cristologia del Nuovo Testamento :$bdagli atti del 5. Congresso nazionale A.T.I. «Il problema cristologico oggi» contenuti nel volume omonimo] /$c[Giuseppe Segalla]. 260 $aAssisi :$bCittadella,$c[198?] 300 $a142 p. ;$c20 cm. 500 $aIn preliminari : Dedica autografa dell'Autore. - Esemplare mutilo delle prime 12 p. - Tit. della cop. - Fondo Card. C.M. Martini. 650 4$aBibbia - Cristologia.$0(OLS)http://semarc/subject/281 650 4$aCristologia - Studi.$0(OLS)http://semarc/subject/282 700 1 $aCongresso nazionale A.T.I. «Il problema cristologico oggi» <5.>.$0(OLS)http://semarc/name/46333 850 $aSeMil 852 $aSeMil$W1$xVenegono$y1$m2Z I 315$j66332$B66332$CSeMilBibl$Z2$F93797 $81 941 1 $a4 961 $aOmaggio: Martini Card. Carlo Maria 996 $6245$a[Cristologia del Nuovo Testamento :$bdagli atti del 5. Congresso nazionale A.T.I. «Il problema cristologico oggi» contenuti nel volume omonimo]$9(OLS)http://semarc/title/160560 996 $6260$aAssisi :$bCittadella$9(OLS)http://semarc/publisher/29661